The Art & Science of teaching children about money/ (Record no. 192166)

MARC details
000 -LEADER
fixed length control field 00537nam a22001817a 4500
005 - DATE AND TIME OF LATEST TRANSACTION
control field 20220913111041.0
010 ## - LCCN (DPL NO)
LC control number ENG-135043
020 ## - INTERNATIONAL STANDARD BOOK NUMBER
International Standard Book Number 978-93-80200-11-8
Terms of availability 499.00
035 ## - SYSTEM CONTROL NUMBER
System control number EN-118575
037 ## - SOURCE OF ACQUISITION
Source of stock number/acquisition DBAD/PUB
082 ## - DEWEY DECIMAL CLASSIFICATION NUMBER
Classification number 332.1
100 ## - MAIN ENTRY--PERSONAL NAME
Personal name Pandit, Amar
245 ## - TITLE STATEMENT
Title The Art & Science of teaching children about money/
Statement of responsibility, etc Amar Pandit
260 ## - PUBLICATION, DISTRIBUTION, ETC. (IMPRINT)
Name of publisher, distributor, etc TV18 Broadcast Ltd.
Date of publication, distribution, etc 2017
270 ## - ADDRESS
City Mumbai
Postal code 400013
Address 414, Ist floor Empire Mills Empire
300 ## - PHYSICAL DESCRIPTION
Extent 199p.
Dimensions 22cm(hbk)
942 ## - ADDED ENTRY ELEMENTS (KOHA)
Source of classification or shelving scheme Dewey Decimal Classification
Item type English Books
Classification part 332.1
Call number suffix PAN
Holdings
Withdrawn status Lost status Not for loan Collection code Home library Current library Date acquired Source of acquisition Cost, normal purchase price Full call number Barcode Copy number Cost, replacement price Koha item type
      Non-fiction Shahdara Branch Shahdara Branch 13/09/2022 DBAD/PUB 499.00 332.1 PAN EN-118575 1 499.00 English Books

© Delhi Public Library
Hit Counter
free hit counter